| 000 | 00817nam a2200265 a 4500 | ||
|---|---|---|---|
| 003 | AR-BaBNM | ||
| 005 | 20251128203706.0 | ||
| 008 | 082120s2002 ||||||||||||||000 | spa|| | ||
| 040 | _cAR-BaBNM | ||
| 245 | 0 | 0 | _aEl método morfológico algebraico para la enseñanza de la lectura y escritura del Dr. Caleb Gateño |
| 260 |
_aBuenos Aires _bCultural Argentina _c[ca. 1960] |
||
| 300 |
_a48 p. _bdiagr. |
||
| 500 | _aContiene referencias bibliográficas | ||
| 650 | 4 | _aENSEÑANZA DE LA ESCRITURA | |
| 650 | 4 | _aMETODOS DE ENSEÑANZA | |
| 653 | _aENSENANZA DE LA LENGUA | ||
| 653 | _aPROCESO DE ENSEÑANZA-APRENDIZAJE | ||
| 653 | _aLECTOESCRITURA | ||
| 700 | 0 | _aGarcía Grossman | |
| 700 | 1 | _aVelasco, Elena | |
| 700 | 1 | _aSabbatiello, Elsa | |
| 700 | 1 | _aSolano Luis, Juan | |
| 942 | _cBK | ||
| 998 | _cSILVI | ||
| 999 |
_c4513 _d4513 |
||